| 000 | 01328nam a22003737a 4500 | ||
|---|---|---|---|
| 003 | CHAP | ||
| 005 | 20220329140626.0 | ||
| 008 | 971013s1995 r 00010 d | ||
| 010 | _a54943 | ||
| 011 | _a55915 | ||
| 035 | _a60068 | ||
| 040 | _cCHAP | ||
| 090 | _aTesis | ||
| 100 | 0 | 0 |
_aBarrera González, Juan Gabriel. _910387 |
| 245 | _aUtilización del banano en la alimentación de cerdos en la etapa de finalización | ||
| 260 |
_aChapingo, Méx. : _bEl autor, _c1995 |
||
| 300 | _a46 h. | ||
| 502 | _aTesis (Ing. Agr. Esp. en Zootecnia) -- UACH. Departamento de Zootecnia | ||
| 590 |
_aALEPH _b10 _c20130110 _lUCH01 _h1332 |
||
| 590 |
_aBATCH-UPD _b10 _c20130110 _lUCH01 _h0634 |
||
| 590 |
_aBATCH-UPD _b10 _c20130110 _lUCH01 _h2340 |
||
| 590 |
_aBATCH-UPD _b10 _c20130410 _lUCH01 _h0318 |
||
| 590 |
_aBATCH-UPD _b10 _c20130410 _lUCH01 _h1628 |
||
| 590 |
_aBATCH-UPD _b10 _c20130914 _lUCH01 _h0540 |
||
| 590 |
_aBATCH-UPD _b10 _c20130914 _lUCH01 _h2125 |
||
| 590 |
_aCONVERSION _b10 _c20130109 _lUCH01 _h1330 |
||
| 650 | 1 | 4 |
_aGanado porcino _xAlimentación. _945329 |
| 650 | 1 | 4 |
_aPlátano en alimentación animal. _989285 |
| 700 | 0 |
_aElías López, Francisco Javier. _936417 |
|
| 901 | _aBK | ||
| 942 | _cFOLL | ||
| 949 |
_bBC _cTES _d-129634 _eTS1 _h28353 _i60068 _si |
||
| 949 |
_bBC _cTES _d33724000077731 _eTS2 _fc.2 _h28354 _i60068 _si |
||
| 999 |
_c54943 _d54943 |
||